[Event "II Open Magistrale"]
[Site "Castellaneta ITA"]
[Date "1998.08.30"]
[Round "2"]
[White "Sermek, Drazen"]
[Black "Scafarelli, Francesco"]
[Result "1/2-1/2"]
[WhiteElo "2550"]
[BlackElo "2295"]
[PlyCount "115"]
[EventDate "1998.08.30"]

1. e4 c5 2. c3 d5 3. exd5 Qxd5 4. d4 e6 5. Nf3 Nc6 6. Be3 cxd4 7. cxd4 Nf6 8.
Nc3 Qd8 9. a3 Be7 10. Bd3 O-O 11. Qc2 h6 12. Rd1 Nd5 13. Bc1 Bd7 14. O-O Rc8
15. Rfe1 Bf6 16. Qe2 Nce7 17. Qe4 Ng6 18. Nxd5 exd5 19. Qxd5 Ba4 20. Qxd8 Rfxd8
21. Rd2 Bc6 22. Bf5 Rc7 23. Ne5 Re7 24. Bxg6 fxg6 25. f4 g5 26. f5 Rd5 27. Rde2
Rxd4 28. Nxc6 Rxe2 29. Rxe2 Rd1+ 30. Kf2 Rxc1 31. Nb4 Kf7 32. Nd3 Rc7 33. g4 g6
34. fxg6+ Kxg6 35. Kf3 h5 36. h3 hxg4+ 37. hxg4 Rh7 38. Nf2 Rd7 39. Rc2 Rd4 40.
Ke3 Rd7 41. Ne4 Be5 42. b3 Bf4+ 43. Ke2 Rd4 44. Nc5 Bd6 45. Nxb7 Bxa3 46. Ra2
Be7 47. Ra6+ Kf7 48. Rxa7 Rxg4 49. Kf3 Rf4+ 50. Kg2 Rb4 51. Na5 Re4 52. b4 Rxb4
53. Nc6 Re4 54. Kf3 Re1 55. Kg4 Kf6 56. Nxe7 Rxe7 57. Rxe7 Kxe7 58. Kxg5
1/2-1/2

[Event "II Open Magistrale"]
[Site "Castellaneta ITA"]
[Date "1998.08.30"]
[Round "2"]
[White "Skembris, Spyridon"]
[Black "Sabia, Corrado"]
[Result "1-0"]
[WhiteElo "2480"]
[BlackElo "1912"]
[PlyCount "49"]
[EventDate "1998.08.30"]

1. d4 Nf6 2. c4 c5 3. e3 cxd4 4. exd4 d5 5. Nc3 Nc6 6. Nf3 e6 7. a3 Be7 8. cxd5
Nxd5 9. Bd3 O-O 10. O-O Nxc3 11. bxc3 Bf6 12. Qe2 Qe7 13. Re1 g6 14. Bh6 Rd8
15. Qe4 Qe8 16. h4 b6 17. Bg5 Bxg5 18. hxg5 Bb7 19. Nh2 Qe7 20. Qe3 h5 21. gxh6
Qh4 22. Bxg6 fxg6 23. Qxe6+ Kf8 24. Qxg6 Rd7 25. Re4 1-0

[Event "II Open Magistrale"]
[Site "Castellaneta ITA"]
[Date "1998.08.30"]
[Round "2"]
[White "Vera Gonzalez-Quevedo, Reynaldo"]
[Black "De Bortoli, Peter"]
[Result "1-0"]
[WhiteElo "2530"]
[BlackElo "2215"]
[PlyCount "81"]
[EventDate "1998.08.30"]

1. d4 Nf6 2. c4 e6 3. Nc3 Bb4 4. Qc2 c5 5. dxc5 O-O 6. Bf4 Bxc5 7. e3 Nc6 8.
Nf3 b6 9. Be2 Bb7 10. O-O Ne7 11. Rfd1 Ng6 12. Bg3 Re8 13. Rac1 Bb4 14. Nb5 Ne4
15. Bc7 Qc8 16. Bd3 f5 17. Bg3 Nxg3 18. hxg3 a6 19. Nc3 Qc7 20. Be2 Rad8 21.
Qb3 Bc5 22. Rd2 Qc6 23. Rcd1 Ne5 24. Na4 Nf7 25. Ne1 Ng5 26. Bf3 Nxf3+ 27. Nxf3
d6 28. a3 h6 29. Qc2 a5 30. Rb1 d5 31. cxd5 Rxd5 32. Rxd5 exd5 33. Rc1 Qe6 34.
Qd2 Rc8 35. Nxc5 Rxc5 36. Rxc5 bxc5 37. Qxa5 Qd6 38. b4 cxb4 39. Qxb4 Qc7 40.
Qd2 Qc4 41. Nd4 1-0

[Event "II Open Magistrale"]
[Site "Castellaneta ITA"]
[Date "1998.08.31"]
[Round "3"]
[White "Campanile, Antonio"]
[Black "Ferraro, Francesco"]
[Result "1-0"]
[WhiteElo "2155"]
[BlackElo "2080"]
[PlyCount "81"]
[EventDate "1998.08.30"]

1. c4 e5 2. g3 f5 3. Bg2 Nf6 4. d3 d6 5. Nf3 Nbd7 6. b4 a5 7. Ng5 Qe7 8. Qa4 h6
9. Nf3 c6 10. Nh4 Qe6 11. Ng6 Rg8 12. bxa5 Kf7 13. Nxf8 Rxf8 14. Nc3 Nc5 15.
Qb4 Qe7 16. Na4 Nxa4 17. Qxa4 Qc7 18. Bd2 e4 19. O-O b6 20. axb6 Rxa4 21. bxc7
Ra7 22. Bf4 Ke6 23. h4 c5 24. Rfd1 Ra6 25. a4 Rf7 26. a5 Rxc7 27. Bd2 exd3 28.
exd3 Bb7 29. Re1+ Kd7 30. Bc3 Bxg2 31. Kxg2 Rb7 32. Reb1 Raa7 33. Rxb7+ Rxb7
34. a6 Ra7 35. Bxf6 gxf6 36. Kf3 h5 37. Kf4 Ke6 38. Ra3 Ra8 39. a7 d5 40. Ra6+
Kf7 41. cxd5 1-0

[Event "II Open Magistrale"]
[Site "Castellaneta ITA"]
[Date "1998.08.31"]
[Round "3"]
[White "Campanile, Roberto"]
[Black "Lagumina, Giulio"]
[Result "1/2-1/2"]
[WhiteElo "2065"]
[BlackElo "2305"]
[PlyCount "32"]
[EventDate "1998.08.30"]

1. d4 d5 2. Nf3 e6 3. Bf4 Bd6 4. Bg3 Ne7 5. e3 Nf5 6. Bd3 Nxg3 7. hxg3 h6 8.
Nbd2 Nd7 9. e4 dxe4 10. Nxe4 Nf6 11. Qe2 Bd7 12. Ne5 Nxe4 13. Bxe4 c5 14. Bxb7
Rb8 15. Nc6 Bxc6 16. Bxc6+ Ke7 1/2-1/2

[Event "II Open Magistrale"]
[Site "Castellaneta ITA"]
[Date "1998.08.31"]
[Round "3"]
[White "Coratella, Giuseppe"]
[Black "Pizzuto, Samuele Tullio"]
[Result "1-0"]
[WhiteElo "1939"]
[BlackElo "2090"]
[PlyCount "75"]
[EventDate "1998.08.30"]

1. e4 Nf6 2. e5 Nd5 3. c4 Nb6 4. d4 d6 5. exd6 cxd6 6. Nc3 g6 7. Be3 Bg7 8. Rc1
N6d7 9. Nf3 Nf6 10. h3 O-O 11. Be2 d5 12. b3 Nc6 13. O-O h6 14. Qd2 Kh7 15.
Rfd1 Be6 16. Qb2 Rc8 17. c5 Qc7 18. b4 a6 19. a4 a5 20. b5 Nb4 21. Na2 Nxa2 22.
Qxa2 Ne4 23. b6 Qd8 24. Nd2 f5 25. Nxe4 fxe4 26. Qd2 Bd7 27. Bb5 Ra8 28. Rb1
Qe8 29. Bxd7 Qxd7 30. Rb5 Ra6 31. Rxa5 Rfa8 32. Rxa6 Rxa6 33. a5 Qa4 34. Rb1
Qc6 35. Qb4 e5 36. Qb5 exd4 37. Qxc6 bxc6 38. Bf4 1-0

[Event "II Open Magistrale"]
[Site "Castellaneta ITA"]
[Date "1998.08.31"]
[Round "3"]
[White "De Fazio, Paolo"]
[Black "Castiglione, Umberto"]
[Result "0-1"]
[WhiteElo "1965"]
[BlackElo "2185"]
[PlyCount "92"]
[EventDate "1998.08.30"]

1. e4 c5 2. Nc3 d6 3. g3 g6 4. Bg2 Bg7 5. d3 Nc6 6. Nh3 e6 7. O-O Nge7 8. Be3
b6 9. Rb1 Bb7 10. Ne2 O-O 11. Qd2 Nd4 12. c3 Nxe2+ 13. Qxe2 d5 14. f4 f5 15.
exf5 exf5 16. Ng5 Qd6 17. Bf2 Bf6 18. Qe6+ Qxe6 19. Nxe6 Rfe8 20. Rfe1 h6 21.
g4 fxg4 22. c4 Kf7 23. Re2 Bc6 24. Rbe1 dxc4 25. dxc4 Nf5 26. Bd5 Bxd5 27. cxd5
Rab8 28. Rd2 Re7 29. Red1 Ke8 30. a4 Rh7 31. a5 Kd7 32. a6 Kd6 33. Rc2 Rc8 34.
b4 c4 35. b5 c3 36. Rd3 Rc4 37. Be1 Nd4 38. Nxd4 Bxd4+ 39. Kg2 Rhc7 40. Kg3 h5
41. h3 gxh3 42. Kxh3 Kxd5 43. Re2 Kc5 44. Re4 Bg7 45. Bf2+ Kxb5 46. Rd5+ Kxa6
0-1

[Event "II Open Magistrale"]
[Site "Castellaneta ITA"]
[Date "1998.08.31"]
[Round "3"]
[White "Femiano, Andrea"]
[Black "Ambrosio, Giuseppe"]
[Result "1/2-1/2"]
[WhiteElo "2215"]
[BlackElo "2090"]
[PlyCount "20"]
[EventDate "1998.08.30"]

1. e4 c5 2. Nf3 Nc6 3. d4 cxd4 4. Nxd4 Nf6 5. Nc3 d6 6. Bg5 Bd7 7. Qd2 Rc8 8.
O-O-O Nxd4 9. Qxd4 Qa5 10. f4 e5 1/2-1/2

[Event "II Open Magistrale"]
[Site "Castellaneta ITA"]
[Date "1998.08.31"]
[Round "3"]
[White "Ferri, Stefano"]
[Black "Scerbo, Antonio"]
[Result "1/2-1/2"]
[WhiteElo "2090"]
[BlackElo "2160"]
[PlyCount "26"]
[EventDate "1998.08.30"]

1. e4 c5 2. f4 g6 3. Nf3 Bg7 4. Bc4 Nc6 5. O-O d6 6. c3 e5 7. d3 Nh6 8. h3 O-O
9. Be3 exf4 10. Bxf4 Kh8 11. Qc1 Ng8 12. Ng5 Nh6 13. Nf3 Ng8 1/2-1/2

[Event "II Open Magistrale"]
[Site "Castellaneta ITA"]
[Date "1998.08.31"]
[Round "3"]
[White "Fiore, Mario"]
[Black "Indelicati, Giuseppe"]
[Result "1-0"]
[WhiteElo "2315"]
[BlackElo "2022"]
[PlyCount "37"]
[EventDate "1998.08.30"]

1. e4 e5 2. Nf3 Nc6 3. Bb5 a6 4. Ba4 Nf6 5. Qe2 Be7 6. c3 d6 7. O-O O-O 8. h3
Bd7 9. Bb3 h6 10. Rd1 Re8 11. d4 exd4 12. cxd4 Bf8 13. Nc3 b5 14. e5 b4 15. Qc4
d5 16. Nxd5 Nxd5 17. Qxd5 Qe7 18. Bd2 Na7 19. Bxb4 1-0

[Event "II Open Magistrale"]
[Site "Castellaneta ITA"]
[Date "1998.08.31"]
[Round "3"]
[White "Maccario, Mauro"]
[Black "Raineri, Valerio"]
[Result "0-1"]
[WhiteElo "1833"]
[BlackElo "1921"]
[PlyCount "94"]
[EventDate "1998.08.30"]

1. d4 Nf6 2. c4 g6 3. Nc3 Bg7 4. e4 d6 5. f4 O-O 6. Nf3 c5 7. d5 e6 8. Be2 exd5
9. cxd5 Nfd7 10. O-O Re8 11. Nd2 f5 12. exf5 gxf5 13. Nc4 Bxc3 14. bxc3 Nf6 15.
Bf3 b5 16. Ne3 Ne4 17. Bxe4 Rxe4 18. Rb1 Bd7 19. g4 fxg4 20. Nxg4 Qh4 21. Nf2
Re7 22. Qf3 Na6 23. Kh1 Rg7 24. c4 Bf5 25. Rxb5 Rb8 26. Bb2 Rg6 27. Rxb8+ Nxb8
28. Qe3 Nd7 29. Qe8+ Nf8 30. Ne4 Bc8 31. Nf6+ Rxf6 32. Bxf6 Qxf6 33. Rg1+ Kh8
34. Qe3 Ng6 35. Rf1 Ne7 36. Qg3 Nf5 37. Qg5 Qxg5 38. fxg5 Kg7 39. Rf3 Kg6 40.
Rh3 Bd7 41. Ra3 Be8 42. Rxa7 Kxg5 43. a4 Bg6 44. a5 Ne3 45. Re7 Nxc4 46. a6 Nb6
47. a7 Bf5 0-1

[Event "II Open Magistrale"]
[Site "Castellaneta ITA"]
[Date "1998.08.31"]
[Round "3"]
[White "Miezis, Normunds"]
[Black "Sermek, Drazen"]
[Result "1/2-1/2"]
[WhiteElo "2515"]
[BlackElo "2550"]
[PlyCount "36"]
[EventDate "1998.08.30"]

1. c4 c5 2. Nc3 Nf6 3. e4 d6 4. g3 b6 5. Bg2 Bb7 6. Nge2 Nbd7 7. d3 e6 8. O-O
a6 9. a3 Qc7 10. Rb1 g6 11. b4 Bg7 12. h3 O-O 13. f4 Ne8 14. b5 a5 15. Kh2 f5
16. Be3 Nef6 17. Qd2 Rae8 18. Rbe1 h6 1/2-1/2

[Event "II Open Magistrale"]
[Site "Castellaneta ITA"]
[Date "1998.08.31"]
[Round "3"]
[White "Rausis, Igors"]
[Black "Lalic, Bogdan"]
[Result "1/2-1/2"]
[WhiteElo "2535"]
[BlackElo "2560"]
[PlyCount "22"]
[EventDate "1998.08.30"]

1. e4 e5 2. Nf3 Nc6 3. Bb5 Nf6 4. O-O Nxe4 5. d4 Nd6 6. Bxc6 dxc6 7. dxe5 Nf5
8. Qxd8+ Kxd8 9. Nc3 Ke8 10. h3 a5 11. Ne4 Ne7 1/2-1/2

[Event "II Open Magistrale"]
[Site "Castellaneta ITA"]
[Date "1998.08.31"]
[Round "3"]
[White "Sabia, Corrado"]
[Black "Patavia, Antonio"]
[Result "1/2-1/2"]
[WhiteElo "1912"]
[BlackElo "2085"]
[PlyCount "108"]
[EventDate "1998.08.30"]

1. e4 e6 2. d4 d5 3. Nc3 Nf6 4. Bg5 Be7 5. e5 Ng8 6. Be3 b6 7. Bb5+ c6 8. Ba4
a5 9. a3 Ba6 10. Nge2 Bc4 11. O-O g6 12. Qd2 h5 13. g3 Kf8 14. h3 Kg7 15. g4
Ra7 16. Kg2 Rc7 17. f4 f5 18. gxf5 gxf5 19. Kf3 Kh6 20. Rf2 Bf8 21. Rg2 Rg7 22.
Rag1 b5 23. Bb3 Bxb3 24. cxb3 Rhh7 25. Nd1 Nd7 26. Qc2 Qb6 27. Nf2 Ne7 28. Nd3
Ng6 29. Kf2 Be7 30. Kf1 Nh4 31. Rxg7 Rxg7 32. Rxg7 Kxg7 33. Kf2 Ng6 34. Kf1 Kh6
35. Ng3 Bh4 36. Nh1 Be7 37. Qe2 h4 38. Nhf2 c5 39. dxc5 Qc6 40. b4 d4 41. Bxd4
Qd5 42. Bc3 a4 43. Qe3 Kg7 44. Qd4 Qc6 45. Ke2 Nb8 46. Kd2 Qb7 47. Qe3 Qd7 48.
Qd4 Qb7 49. Ne1 Nc6 50. Qe3 Qd7+ 51. Kc1 Kf7 52. Kb1 Qd5 53. Nf3 Qc4 54. Nd2
Qd5 1/2-1/2

[Event "II Open Magistrale"]
[Site "Castellaneta ITA"]
[Date "1998.08.31"]
[Round "3"]
[White "Scalcione, Michelangelo"]
[Black "Quimi, Marco"]
[Result "0-1"]
[WhiteElo "1960"]
[BlackElo "2250"]
[PlyCount "48"]
[EventDate "1998.08.30"]

1. Nf3 d5 2. d4 Bf5 3. c4 e6 4. Nc3 c6 5. Qb3 Qb6 6. c5 Qc7 7. g3 Nf6 8. Bf4
Qc8 9. Bg2 Nbd7 10. Rc1 Be7 11. O-O h6 12. a4 O-O 13. Qa2 Bd8 14. Bd6 Re8 15.
b4 Bc7 16. b5 Bxd6 17. cxd6 Qb8 18. bxc6 bxc6 19. Qa3 e5 20. dxe5 Nxe5 21. Nd4
Bg6 22. f4 Qb6 23. Rfd1 Nc4 24. a5 Qxd4+ 0-1

[Event "II Open Magistrale"]
[Site "Castellaneta ITA"]
[Date "1998.08.31"]
[Round "3"]
[White "Sibilio, Mario"]
[Black "Scafarelli, Francesco"]
[Result "1/2-1/2"]
[WhiteElo "2340"]
[BlackElo "2295"]
[PlyCount "57"]
[EventDate "1998.08.30"]

1. d4 Nf6 2. c4 e6 3. Nc3 d5 4. Nf3 c5 5. cxd5 Nxd5 6. e4 Nxc3 7. bxc3 cxd4 8.
cxd4 Bb4+ 9. Bd2 Qa5 10. Rb1 Bxd2+ 11. Qxd2 Qxd2+ 12. Kxd2 b6 13. Bb5+ Bd7 14.
Rhc1 O-O 15. Ne5 Bxb5 16. Rxb5 Rd8 17. Ke3 Kf8 18. Rc7 f6 19. Nd3 Na6 20. Rc6
Kf7 21. Rb3 Rd7 22. Nf4 Nc7 23. a4 g5 24. Nd3 Rad8 25. a5 Na8 26. d5 Rd6 27.
dxe6+ Kxe6 28. Rcc3 Kf7 29. Nb2 1/2-1/2

[Event "II Open Magistrale"]
[Site "Castellaneta ITA"]
[Date "1998.08.31"]
[Round "3"]
[White "Tiviakov, Sergei"]
[Black "Vera Gonzalez-Quevedo, Reynaldo"]
[Result "1/2-1/2"]
[WhiteElo "2655"]
[BlackElo "2530"]
[PlyCount "84"]
[EventDate "1998.08.30"]

1. e4 c5 2. Nf3 d6 3. d4 cxd4 4. Nxd4 Nf6 5. Nc3 Nc6 6. Bg5 Bd7 7. Qd2 Rc8 8.
f4 h6 9. Bxf6 gxf6 10. O-O-O Nxd4 11. Qxd4 Qa5 12. Kb1 Qc5 13. Qd2 e6 14. Bd3
b5 15. f5 Be7 16. Ne2 b4 17. Nf4 Rg8 18. Rhf1 a5 19. Nh5 e5 20. Qxh6 a4 21. Ng3
a3 22. b3 Bf8 23. Qd2 Qd4 24. c4 bxc3 25. Qc2 Qb4 26. Rf3 Bh6 27. Nf1 Bc6 28.
Ne3 Qc5 29. Nc4 d5 30. exd5 Bxd5 31. Rg3 Rxg3 32. hxg3 Bxc4 33. Bxc4 Bd2 34.
Qe4 Qd4 35. Qxd4 exd4 36. Kc2 Ke7 37. Rh1 Rc5 38. Rh4 Rxf5 39. Rxd4 Rf2 40.
Re4+ Kd6 41. Re2 Rxe2 42. Bxe2 Kc5 1/2-1/2

[Event "II Open Magistrale"]
[Site "Castellaneta ITA"]
[Date "1998.08.31"]
[Round "3"]
[White "Ulibin, Mikhail"]
[Black "Skembris, Spyridon"]
[Result "1-0"]
[WhiteElo "2555"]
[BlackElo "2480"]
[PlyCount "79"]
[EventDate "1998.08.30"]

1. d4 Nf6 2. c4 e6 3. g3 Bb4+ 4. Bd2 Bxd2+ 5. Qxd2 O-O 6. Bg2 d5 7. Nf3 Nbd7 8.
Qc2 b6 9. cxd5 Nxd5 10. O-O c5 11. Na3 Bb7 12. Rfd1 Qe7 13. e4 Nb4 14. Qe2 Rfd8
15. e5 Rac8 16. Nb5 Ba6 17. a4 h6 18. Qe4 cxd4 19. Nfxd4 Nc5 20. Qe3 Bxb5 21.
axb5 Rxd4 22. Qxd4 Nb3 23. Rxa7 Qxa7 24. Qxb4 Nc5 25. h4 Qa4 26. Qxa4 Nxa4 27.
Rd6 Rc5 28. b3 Nc3 29. Rxb6 Nxb5 30. b4 Rc1+ 31. Kh2 Nd4 32. Rb8+ Kh7 33. b5
Rc3 34. Be4+ g6 35. b6 Nf3+ 36. Kg2 Nd2 37. b7 Nxe4 38. Rf8 Rb3 39. Rxf7+ Kg8
40. Rc7 1-0

[Event "II Open Magistrale"]
[Site "Castellaneta ITA"]
[Date "1998.08.31"]
[Round "4"]
[White "Ambrosio, Giuseppe"]
[Black "Scerbo, Antonio"]
[Result "1-0"]
[WhiteElo "2090"]
[BlackElo "2160"]
[PlyCount "87"]
[EventDate "1998.08.30"]

1. d4 Nf6 2. Bg5 e6 3. e4 Be7 4. e5 Nd5 5. Bxe7 Qxe7 6. c4 Nb6 7. f4 d6 8. Nf3
dxe5 9. dxe5 O-O 10. Bd3 h6 11. Qe2 Bd7 12. O-O Bc6 13. Nc3 N8d7 14. Rad1 Rfd8
15. Nd4 Nf8 16. Nxc6 Qc5+ 17. Kh1 Qxc6 18. b3 Qc5 19. Be4 c6 20. Bf3 Ng6 21.
Ne4 Qb4 22. g3 a5 23. Nd6 Nc8 24. Qd2 Qxd2 25. Rxd2 f6 26. Rfd1 fxe5 27. Bh5
Nce7 28. fxe5 Nxe5 29. Nxb7 Rxd2 30. Rxd2 a4 31. Re2 axb3 32. axb3 Nd3 33. Rxe6
Kf8 34. Kg2 Ra2+ 35. Kh3 Nf2+ 36. Kg2 Ne4+ 37. Kg1 Ra1+ 38. Kg2 Ra2+ 39. Kf1
Nd2+ 40. Ke1 Nxb3 41. Rd6 Nf5 42. Rxc6 Ra7 43. Bg6 Nxg3 44. Nd6 1-0

[Event "II Open Magistrale"]
[Site "Castellaneta ITA"]
[Date "1998.08.31"]
[Round "4"]
[White "De Bortoli, Peter"]
[Black "De Fazio, Paolo"]
[Result "1-0"]
[WhiteElo "2215"]
[BlackElo "1965"]
[PlyCount "45"]
[EventDate "1998.08.30"]

1. e4 e5 2. f4 exf4 3. Bc4 Qh4+ 4. Kf1 Nc6 5. Nf3 Qh5 6. Nc3 Bc5 7. Nd5 Bb6 8.
Nxf4 Qc5 9. Qe2 Nf6 10. c3 O-O 11. d4 Qe7 12. e5 Ng4 13. Nd5 Qe8 14. h3 d6 15.
hxg4 Bxg4 16. Qe4 h5 17. Ng5 f5 18. exf6 Qxe4 19. Nxe4 Kh8 20. Kg1 Rae8 21. Nf2
Na5 22. Nxg4 Nxc4 23. Ne7 1-0

[Event "II Open Magistrale"]
[Site "Castellaneta ITA"]
[Date "1998.08.31"]
[Round "4"]
[White "Indelicati, Giuseppe"]
[Black "Sabia, Corrado"]
[Result "1-0"]
[WhiteElo "2022"]
[BlackElo "1912"]
[PlyCount "101"]
[EventDate "1998.08.30"]

1. e4 c5 2. c3 d5 3. exd5 Qxd5 4. d4 Nf6 5. Nf3 e6 6. Bd3 Be7 7. O-O O-O 8. Be3
cxd4 9. cxd4 Nc6 10. Nc3 Qd6 11. Qe2 Nb4 12. Bb1 b6 13. Re1 Bb7 14. a3 Nbd5 15.
Ne5 Rac8 16. Qd2 Rfd8 17. Bg5 g6 18. Qd3 Nxc3 19. bxc3 Nd5 20. Bd2 Nf6 21. Qh3
Bd5 22. Bf4 Nh5 23. Nxg6 Nxf4 24. Nxf4 Bf6 25. Qh6 Bg7 26. Qxh7+ Kf8 27. Nh5
Ke7 28. Qxg7 Rh8 29. Bg6 Rcg8 30. Qxf7+ Kd8 31. Ng3 Rf8 32. Qxa7 Qf4 33. Qxb6+
Kd7 34. Qb5+ Kd8 35. Qe2 Qh4 36. h3 Bxg2 37. Qg4 Qf6 38. Kxg2 Qxf2+ 39. Kh1 Rf4
40. Re2 Rxg4 41. Rxf2 Rxg3 42. Be4 Rgxh3+ 43. Kg1 Rxc3 44. a4 Re3 45. Bg2 Rd3
46. a5 Rh7 47. a6 Ra7 48. Rb2 Rxd4 49. Rb7 Rxb7 50. axb7 Kc7 51. Rc1+ 1-0

[Event "II Open Magistrale"]
[Site "Castellaneta ITA"]
[Date "1998.08.31"]
[Round "4"]
[White "Lalic, Bogdan"]
[Black "Miezis, Normunds"]
[Result "1/2-1/2"]
[WhiteElo "2560"]
[BlackElo "2515"]
[PlyCount "29"]
[EventDate "1998.08.30"]

1. d4 Nf6 2. Nf3 e6 3. g3 b5 4. Bg2 Bb7 5. Bg5 c5 6. c3 Na6 7. O-O Qb6 8. Bxf6
gxf6 9. Nbd2 Be7 10. a4 b4 11. a5 Qc7 12. cxb4 Nxb4 13. Rc1 Na2 14. Ra1 Nb4 15.
Rc1 1/2-1/2

[Event "II Open Magistrale"]
[Site "Castellaneta ITA"]
[Date "1998.08.31"]
[Round "4"]
[White "Patavia, Antonio"]
[Black "Maccario, Mauro"]
[Result "1-0"]
[WhiteElo "2085"]
[BlackElo "1833"]
[PlyCount "59"]
[EventDate "1998.08.30"]

1. e4 e6 2. d4 d5 3. e5 c5 4. c3 Nc6 5. Nf3 Bd7 6. a3 c4 7. Bg5 Be7 8. Bxe7
Ngxe7 9. Nbd2 Na5 10. Be2 Bc6 11. Qc2 Qd7 12. Bd1 Ng6 13. g3 f6 14. exf6 gxf6
15. O-O O-O-O 16. b4 cxb3 17. Nxb3 Nxb3 18. Qxb3 Bb5 19. Re1 h5 20. Be2 Ba4 21.
Qb4 h4 22. Bd3 Rdg8 23. Qb1 Nf4 24. Ra2 Nxd3 25. Qxd3 Bb5 26. Qe3 e5 27. dxe5
hxg3 28. fxg3 fxe5 29. Nxe5 Qh3 30. Nf7 1-0

[Event "II Open Magistrale"]
[Site "Castellaneta ITA"]
[Date "1998.08.31"]
[Round "4"]
[White "Piscopo, Pierluigi"]
[Black "Campanile, Antonio"]
[Result "1/2-1/2"]
[WhiteElo "1930"]
[BlackElo "2155"]
[PlyCount "33"]
[EventDate "1998.08.30"]

1. e4 c6 2. d4 d5 3. Nc3 dxe4 4. Nxe4 Nd7 5. Bd3 Ngf6 6. Ng5 e6 7. N1f3 c5 8.
Qe2 Bd6 9. Bd2 h6 10. Ne4 Nxe4 11. Qxe4 cxd4 12. Nxd4 Nc5 13. Bb5+ Kf8 14. Qe3
a6 15. Be2 Qc7 16. O-O-O e5 17. Nf3 1/2-1/2

[Event "II Open Magistrale"]
[Site "Castellaneta ITA"]
[Date "1998.08.31"]
[Round "4"]
[White "Pizzuto, Samuele Tullio"]
[Black "Scalcione, Michelangelo"]
[Result "0-1"]
[WhiteElo "2090"]
[BlackElo "1960"]
[PlyCount "83"]
[EventDate "1998.08.30"]

1. e4 e5 2. Nf3 d6 3. Nc3 Bg4 4. h3 Bh5 5. Bc4 Nc6 6. d3 Be7 7. g4 Bg6 8. h4 h6
9. Be3 Nf6 10. h5 Bh7 11. Nh2 Qd7 12. f3 Nd4 13. a4 c6 14. Qd2 b6 15. Qf2 Ne6
16. Nf1 O-O 17. Bxe6 fxe6 18. Qg2 d5 19. Bd2 Rad8 20. Ng3 c5 21. Rd1 d4 22. Nb5
a6 23. Na3 Qxa4 24. Rg1 Nd7 25. Ne2 Bh4+ 26. Kf1 Rxf3+ 27. Qxf3 Rf8 28. Bf4
exf4 29. Qh3 Bg5 30. Rh1 Ne5 31. Rh2 f3 32. Ng1 Rf4 33. Rf2 Nxg4 34. Rxf3 Ne3+
35. Ke2 Qe8 36. Rxf4 Bxf4 37. Ra1 g6 38. Nf3 g5 39. Nh2 Kg7 40. Ng4 Nf5 41. Nc4
Ng3+ 42. Kf3 0-1

[Event "II Open Magistrale"]
[Site "Castellaneta ITA"]
[Date "1998.08.31"]
[Round "4"]
[White "Raineri, Valerio"]
[Black "Campanile, Roberto"]
[Result "1-0"]
[WhiteElo "1921"]
[BlackElo "2065"]
[PlyCount "67"]
[EventDate "1998.08.30"]

1. e4 c5 2. Nf3 d6 3. d4 cxd4 4. Nxd4 Nf6 5. Nc3 a6 6. Bg5 e6 7. f4 Nbd7 8. Qf3
Qc7 9. O-O-O Rb8 10. Bd3 b5 11. Rde1 b4 12. Nd5 Qc5 13. Nb3 Qc6 14. Kb1 Bb7 15.
Na5 Qc8 16. Bc4 exd5 17. exd5+ Kd8 18. Nc6+ Kc7 19. Nxb4 Kb6 20. Qf1 Ka7 21.
Re3 Nc5 22. Ra3 Nfe4 23. Bh4 Kb6 24. Bf2 Ra8 25. Bd4 Kc7 26. Qf3 f5 27. Ra5 Qe8
28. g4 Qf7 29. Qf1 Be7 30. Bxc5 Nxc5 31. Rxc5+ dxc5 32. d6+ Bxd6 33. Bxf7 cxb4
34. Qc4+ 1-0

[Event "II Open Magistrale"]
[Site "Castellaneta ITA"]
[Date "1998.08.31"]
[Round "4"]
[White "Sermek, Drazen"]
[Black "Castiglione, Umberto"]
[Result "1-0"]
[WhiteElo "2550"]
[BlackElo "2185"]
[PlyCount "71"]
[EventDate "1998.08.30"]

1. e4 c5 2. c3 Nf6 3. e5 Nd5 4. Nf3 e6 5. d4 cxd4 6. cxd4 b6 7. Nc3 Nxc3 8.
bxc3 Qc7 9. Bd2 Bb7 10. Bd3 d6 11. O-O Nd7 12. Ng5 dxe5 13. Qh5 g6 14. Qh3 Be7
15. Rae1 Bd5 16. dxe5 Rc8 17. Bf4 Nc5 18. Bb5+ Bc6 19. c4 a6 20. Bxc6+ Qxc6 21.
Rd1 Ne4 22. Nxe4 Qxe4 23. Bh6 Qxe5 24. Qf3 f6 25. Rfe1 Qf5 26. Qb7 Kf7 27. Rd7
Rce8 28. Be3 Qa5 29. Rc1 Qa3 30. c5 bxc5 31. Rxc5 h5 32. h4 Rh7 33. g3 g5 34.
hxg5 h4 35. gxf6 hxg3 36. Rxe7+ 1-0

[Event "II Open Magistrale"]
[Site "Castellaneta ITA"]
[Date "1998.08.31"]
[Round "4"]
[White "Skembris, Spyridon"]
[Black "Coratella, Giuseppe"]
[Result "1-0"]
[WhiteElo "2480"]
[BlackElo "1939"]
[PlyCount "41"]
[EventDate "1998.08.30"]

1. d4 Nf6 2. c4 g6 3. Nc3 Bg7 4. e4 d6 5. Bd3 e5 6. d5 O-O 7. Nge2 a5 8. O-O
Na6 9. Bg5 h6 10. Bd2 Nd7 11. a3 f5 12. exf5 gxf5 13. f4 Qe7 14. Bc2 e4 15. Be3
c5 16. dxc6 bxc6 17. b4 Nc7 18. b5 cxb5 19. Nd5 Qd8 20. Rb1 bxc4 21. Nxc7 1-0

[Event "II Open Magistrale"]
[Site "Castellaneta ITA"]
[Date "1998.08.31"]
[Round "4"]
[White "Vera Gonzalez-Quevedo, Reynaldo"]
[Black "Rausis, Igors"]
[Result "1/2-1/2"]
[WhiteElo "2530"]
[BlackElo "2535"]
[PlyCount "77"]
[EventDate "1998.08.30"]

1. d4 d5 2. c4 c6 3. Nc3 dxc4 4. e4 b5 5. a4 b4 6. Na2 Nf6 7. e5 Nd5 8. Bxc4 e6
9. Nf3 Be7 10. O-O Bb7 11. Bd2 a5 12. Nc1 Nd7 13. Nb3 O-O 14. Bd3 Ba6 15. Bxa6
Rxa6 16. Qe2 Ra7 17. Rfc1 Qb6 18. Bg5 h6 19. Bxe7 Nxe7 20. Nfd2 Rd8 21. Nc4 Qa6
22. Qe4 Nb6 23. Ncxa5 Nbd5 24. Rc5 Qc8 25. Nc4 Nf5 26. a5 Qa6 27. Rc1 Rad7 28.
Ncd2 Nf4 29. Rxc6 Qd3 30. Qxd3 Nxd3 31. R1c4 Nxd4 32. Rxd4 Rxd4 33. Nxd4 Nxe5
34. Nf1 Rxd4 35. Rc8+ Kh7 36. a6 Rd7 37. Rb8 Ra7 38. Rb6 Nd3 39. g3 1/2-1/2

[Event "II Open Magistrale"]
[Site "Castellaneta ITA"]
[Date "1998.09.01"]
[Round "5"]
[White "Campanile, Roberto"]
[Black "Patavia, Antonio"]
[Result "1-0"]
[WhiteElo "2065"]
[BlackElo "2085"]
[PlyCount "85"]
[EventDate "1998.08.30"]

1. d4 g6 2. c4 Bg7 3. Nc3 d6 4. e4 Nf6 5. Nf3 O-O 6. Be2 e5 7. d5 a5 8. Bg5 h6
9. Bh4 Na6 10. Nd2 Bd7 11. Qc2 Qe8 12. b3 Nh7 13. a3 h5 14. f3 f5 15. Bf2 Bh6
16. Rb1 Nc5 17. O-O b6 18. b4 axb4 19. axb4 Na4 20. Nb5 Bxb5 21. cxb5 Nf6 22.
Bd3 Bxd2 23. Qxd2 f4 24. Ra1 g5 25. Qc2 Rf7 26. Rxa4 Rb8 27. Ra7 Qd8 28. Rc1
Ne8 29. Be2 Rg7 30. h3 h4 31. Qc6 Kf8 32. Rca1 Qd7 33. Ra8 Rxa8 34. Rxa8 Ke7
35. Ra7 Kd8 36. Qb7 Rf7 37. Qb8+ Qc8 38. Qxc8+ Kxc8 39. Bxb6 Kb8 40. Bf2 Rg7
41. b6 cxb6 42. Rxg7 Nxg7 43. Bxb6 1-0

[Event "II Open Magistrale"]
[Site "Castellaneta ITA"]
[Date "1998.09.01"]
[Round "5"]
[White "Castiglione, Umberto"]
[Black "Indelicati, Giuseppe"]
[Result "1/2-1/2"]
[WhiteElo "2185"]
[BlackElo "2022"]
[PlyCount "25"]
[EventDate "1998.08.30"]

1. e4 e5 2. Nf3 Nc6 3. Bb5 a6 4. Ba4 Nf6 5. O-O Nxe4 6. d4 b5 7. Bb3 d5 8. dxe5
Be6 9. Be3 Be7 10. c3 Qd7 11. Nbd2 Bf5 12. Nd4 Nxd4 13. cxd4 1/2-1/2

[Event "II Open Magistrale"]
[Site "Castellaneta ITA"]
[Date "1998.09.01"]
[Round "5"]
[White "Femiano, Andrea"]
[Black "Piscopo, Pierluigi"]
[Result "0-1"]
[WhiteElo "2215"]
[BlackElo "1930"]
[PlyCount "38"]
[EventDate "1998.08.30"]

1. e4 c5 2. Nf3 Nc6 3. d4 cxd4 4. Nxd4 Nf6 5. Nc3 e5 6. Ndb5 d6 7. Bg5 a6 8.
Na3 b5 9. Nd5 Qa5+ 10. c3 Nxe4 11. Qf3 Nxg5 12. Nf6+ gxf6 13. Qxc6+ Kd8 14.
Qxa8 b4 15. Nc4 Qc5 16. cxb4 Qxb4+ 17. Nd2 Bh6 18. Rc1 Nf3+ 19. Ke2 Nd4+ 0-1